| 000 | 00404nam a22001217a 4500 | ||
|---|---|---|---|
| 082 | _aPRO 220 | ||
| 100 |
_aAhmed Ali Nadir khan Nadeem Ahmad _970781 |
||
| 245 | _aPR-SOF-1517-DESIGN AND FABRICATION OF RAIL-LESS TRAIN | ||
| 260 |
_aISLAMABAD _bNUST COLLEGE OF EME _c2016 |
||
| 650 |
_a DE-MECH-34 _970782 |
||
| 700 |
_aSUPERVISOR Dr. HASAN AFTAB SAEED ASST PROFESSOR YASSER RIAZ AWAN _970783 |
||
| 942 | _cCR | ||
| 999 |
_c577654 _d577654 |
||